000 00495nam a22001697a 4500
999 _c40674
_d40674
003 OSt
005 20200606120110.0
008 191026b ||||| |||| 00| 0 eng d
020 _a9788188995219
040 _cMESKC library
082 _a891.4335
_bPRE/P
100 0 _aPremacanda,
_956
_d1881-1936
245 _aPremashram/
_cMunshi Premchand
260 _aNew Delhi:
_bJnan Deep Prakashan,
_c2008
300 _a415p
942 _2ddc
_cBK
_h891.4335
_iPRE/P
_k891.4335
_mPRE/P